| 000 | 00898nas a2200313 4500 | ||
|---|---|---|---|
| 001 | BR2011006609 | ||
| 003 | BR-BrBNA | ||
| 005 | 20231205115705.0 | ||
| 007 | ta | ||
| 008 | 230509b bl.|||p| |||| 00| 00por d | ||
| 040 |
_aBR-BrBNA _bpor _cBiblioteca Nacional de Agricultura |
||
| 041 | _a(Pt) | ||
| 072 | _aF30; H20 | ||
| 100 | 1 | _aFazuoli, L.C. | |
| 100 | 1 | _aBraghini, M.T. | |
| 100 | 1 | _aSilvarolla, M.B. | |
| 100 | 1 | _aOliveira, A.C.B. de | |
| 245 | 1 | _aA ferrugem alaranjada do cafeeiro e a obtenção de cultivares resistentes | |
| 650 | _aCAFÉ | ||
| 650 | _aFERRUGEM ALARANJADA | ||
| 650 | _aRESISTÊNCIA | ||
| 650 | _aFUNGO | ||
| 650 | _aFERRUGEM ALARANJADA | ||
| 650 | _aRESISTÊNCIA | ||
| 650 | _aFUNGO | ||
| 773 | 0 |
_tO Agronômico (Brazil) _xISSN 0365-2726 _g(2007), v. 59(1) p. 48-53 _wBR2011006609 |
|
| 909 |
_a202311 _bLúcia _c55 _dLúcia Elande |
||
| 942 |
_2AGRIS _n0 _cANA |
||
| 999 |
_c215242 _d215242 |
||